[Event "Penang op 15th"]
[Site "Penang"]
[Date "2023.12.18"]
[Round "1"]
[White "Chay, Joon Hoong"]
[Black "Pitra, Andika"]
[Result "0-1"]
[WhiteElo "1512"]
[BlackElo "2121"]
[PlyCount "60"]
[EventDate "2023.12.18"]
[EventType "swiss"]
[EventRounds "9"]
[EventCountry "MAS"]
[SourceTitle "CB52_2023"]
[SourceDate "2023.12.27"]
[SourceVersion "1"]
[SourceVersionDate "2023.12.27"]
[SourceQuality "1"]

1. d4 Nf6 2. Nc3 d5 3. Bf4 c6 4. e3 g6 5. h4 Bg7 6. Bd3 Qb6 7. Na4 Qa5+ 8. c3 h5 9. Nf3 Bg4 10. Qc2 Bxf3 11. gxf3 Nbd7 12. Rg1 Bh6 13. Be5 Nxe5 14. dxe5 Nd7 15. e6 fxe6 16. b4 Qc7 17. Bxg6+ Kd8 18. Bxh5 Qe5 19. Bg4 Bg7 20. f4 Qf6 21. Rc1 Rxh4 22. Bxe6 Qxe6 23. Rxg7 Rxf4 24. Qe2 Rf8 25. c4 Qh6 26. Qg4 Ne5 27. Qg2 Nd3+ 28. Kd1 Qh5+ 29. f3 Rxf3 30. Rc3 Rf1+ 0-1

[Event "Asian Hybrid"]
[Site "Tornelo INT"]
[Date "2021.05.25"]
[Round "5"]
[White "Lei, Tingjie"]
[Black "Pitra, Andika"]
[Result "0-1"]
[WhiteElo "2505"]
[BlackElo "2276"]
[PlyCount "96"]
[EventDate "2021.05.21"]
[EventType "swiss"]
[EventRounds "9"]
[EventCountry "NET"]
[SourceTitle "CBM 202 Extra"]
[Source "ChessBase"]
[SourceDate "2021.07.31"]
[SourceVersion "1"]
[SourceVersionDate "2021.07.31"]
[SourceQuality "1"]

1. e4 d6 2. d4 Nf6 3. Nc3 g6 4. f4 Bg7 5. Bd3 0-0 6. Nf3 Na6 7. 0-0 c5 8. d5 Nc7 9. a4 Bg4 10. Be3 a6 11. h3 Bxf3 12. Qxf3 Nd7 13. a5 Rb8 14. Qe2 b5 15. axb6 Rxb6 16. Ra2 Qb8 17. Na4 Rb7 18. c3 a5 19. Bc4 Kh8 20. Rd1 f5 21. e5 g5 22. e6 gxf4 23. Bxf4 Nf6 24. Bg5 Qe8 25. Bxf6 Bxf6 26. b3 Qg6 27. Rd3 Ne8 28. Rf3 Ng7 29. Qd3 Be5 30. Raf2 Rg8 31. Qe2 Bg3 32. Rf1 Rbb8 33. Nb2 Be5 34. Nd1 Nh5 35. Qc2 Ng3 36. R1f2 Ne4 37. Rf1 Ng5 38. Bd3 Nxf3+ 39. Rxf3 Rxb3 40. Bxf5 Qg7 41. Bxh7 Rgb8 42. Be4 Rb1 43. Qe2 Bxc3 44. Rf5 Qd4+ 45. Kh2 Qxd1 46. Rh5+ Kg8 47. Rg5+ Bg7 48. Bh7+ Kh8 0-1

[Event "Asian Hybrid"]
[Site "Tornelo INT"]
[Date "2021.05.21"]
[Round "1"]
[White "Kuybokarov, Temur"]
[Black "Pitra, Andika"]
[Result "1-0"]
[WhiteElo "2549"]
[BlackElo "2276"]
[PlyCount "89"]
[EventDate "2021.05.21"]
[EventType "swiss"]
[EventRounds "9"]
[EventCountry "NET"]
[SourceTitle "CBM 202 Extra"]
[Source "ChessBase"]
[SourceDate "2021.07.31"]
[SourceVersion "1"]
[SourceVersionDate "2021.07.31"]
[SourceQuality "1"]

1. e4 c5 2. Nf3 e6 3. d4 cxd4 4. Nxd4 a6 5. c4 Nf6 6. Nc3 Qc7 7. a3 b6 8. Be3 Bb7 9. f3 Be7 10. Rc1 0-0 11. Be2 Rc8 12. Qd2 Nc6 13. Nd5 exd5 14. cxd5 Bc5 15. dxc6 dxc6 16. b4 Bd6 17. Nf5 Be5 18. Bd4 Bf4 19. Qc3 Rd8 20. Rd1 Rxd4 21. Qxd4 c5 22. Qf2 cxb4 23. axb4 Qc3+ 24. Kf1 Qc7 25. g3 Be5 26. Kg2 Re8 27. Rc1 Qb8 28. Qxb6 Nxe4 29. Bxa6 Nd6 30. Bxb7 Nxf5 31. Rhe1 g6 32. f4 Bd4 33. Qc6 Rd8 34. Qc7 Kg7 35. Qxb8 Rxb8 36. Rc7 Nd6 37. Bd5 Rxb4 38. Bxf7 Rb2+ 39. Kh3 Bf2 40. Re6 Bb6 41. Rd7 Nxf7 42. Ree7 Bg1 43. Rxf7+ Kg8 44. Rg7+ Kf8 45. Rxh7 1-0

[Event "Zonal 3.3 Online"]
[Site "Tornelo INT"]
[Date "2021.05.06"]
[Round "6"]
[White "Pitra, Andika"]
[Black "Tarigan, Gilbert Elroy"]
[Result "1/2-1/2"]
[WhiteElo "2276"]
[BlackElo "2149"]
[PlyCount "79"]
[EventDate "2021.05.01"]
[EventType "swiss"]
[EventRounds "9"]
[EventCountry "PHI"]
[SourceTitle "CBM 202 Extra"]
[Source "ChessBase"]
[SourceDate "2021.07.31"]
[SourceVersion "1"]
[SourceVersionDate "2021.07.31"]
[SourceQuality "1"]

1. e4 c6 2. Nc3 d5 3. Nf3 dxe4 4. Nxe4 Nf6 5. Qe2 Nxe4 6. Qxe4 Qd5 7. Qh4 Qe6+ 8. Be2 Qg4 9. 0-0 Qxh4 10. Nxh4 Nd7 11. b3 Nf6 12. Re1 Bg4 13. Bc4 e6 14. h3 Bh5 15. g4 Bg6 16. Nxg6 hxg6 17. Bf1 0-0-0 18. a3 Bc5 19. c3 Nd5 20. d4 Bd6 21. c4 Nf4 22. Bxf4 Bxf4 23. Rad1 Rd7 24. d5 Rhd8 25. Bg2 cxd5 26. cxd5 exd5 27. Rd4 g5 28. Red1 Be5 29. Rxd5 Rxd5 30. Rxd5 Rxd5 31. Bxd5 f6 32. a4 b6 33. f3 a5 34. Kf2 Kc7 35. Ke3 Kd6 36. Bf7 Ke7 37. Bc4 Kd6 38. Bf7 Ke7 39. Bc4 Kd6 40. Bf7 1/2-1/2

[Event "Zonal 3.3 Online"]
[Site "Tornelo INT"]
[Date "2021.05.03"]
[Round "3"]
[White "Quizon, Daniel"]
[Black "Pitra, Andika"]
[Result "1-0"]
[WhiteElo "2319"]
[BlackElo "2276"]
[PlyCount "129"]
[EventDate "2021.05.01"]
[EventType "swiss"]
[EventRounds "9"]
[EventCountry "PHI"]
[SourceTitle "CBM 202 Extra"]
[Source "ChessBase"]
[SourceDate "2021.07.31"]
[SourceVersion "1"]
[SourceVersionDate "2021.07.31"]
[SourceQuality "1"]

1. e4 c5 2. Nf3 Nc6 3. d4 cxd4 4. Nxd4 Qb6 5. Nb3 Nf6 6. Nc3 e6 7. Be3 Qc7 8. a3 a6 9. Qe2 b5 10. 0-0-0 b4 11. Nd5 exd5 12. exd5 Ne5 13. f4 d6 14. fxe5 dxe5 15. Qc4 Qxc4 16. Bxc4 bxa3 17. d6 Bg4 18. Rd2 a2 19. h3 Be6 20. Bxe6 fxe6 21. Re1 Nd5 22. Bc5 Rc8 23. Ba3 Kd7 24. Re4 Bxd6 25. Bxd6 Kxd6 26. Ra4 Rc6 27. Na5 Rc7 28. b3 e4 29. Nc4+ Ke7 30. Kb2 Rb8 31. Rd4 e3 32. Rxa2 Rf8 33. Rxa6 Rf2 34. Re4 Nf4 35. Nxe3 Nd3+ 36. Ka3 Nc5 37. Nd5+ Kd7 38. Nxc7 Nxe4 39. Nxe6 Rf6 40. Ra7+ Kxe6 41. Rxg7 h6 42. c4 Ke5 43. Rd7 Ra6+ 44. Kb2 Rf6 45. Rd5+ Kf4 46. b4 Kg3 47. Rd4 Re6 48. c5 Kxg2 49. h4 Kf3 50. Kb3 Ke3 51. Rd8 Ra6 52. Kc4 Ra1 53. c6 Rc1+ 54. Kb5 Nc3+ 55. Ka6 Ra1+ 56. Kb6 Na4+ 57. Kb7 Rb1 58. c7 Rxb4+ 59. Ka7 Nb6 60. Rb8 Nd5 61. c8Q Ra4+ 62. Kb7 Rb4+ 63. Ka6 Ra4+ 64. Kb5 Rb4+ 65. Kc5 1-0

[Event "Penang op 11th"]
[Site "Penang"]
[Date "2019.12.11"]
[Round "5"]
[White "Barath, Kalyan M"]
[Black "Pitra, Andika"]
[Result "1/2-1/2"]
[WhiteElo "2063"]
[BlackElo "2286"]
[PlyCount "89"]
[EventDate "2019.12.09"]
[EventType "swiss"]
[EventRounds "9"]
[EventCountry "MAS"]
[SourceTitle "CBM 193 Extra"]
[Source "ChessBase"]
[SourceDate "2020.01.31"]
[SourceVersion "1"]
[SourceVersionDate "2020.01.31"]
[SourceQuality "1"]

1. d4 Nf6 2. Nf3 e6 3. e3 b6 4. Bd3 Bb7 5. 0-0 c5 6. c3 Be7 7. Nbd2 cxd4 8. exd4 0-0 9. Qe2 d6 10. Re1 Nbd7 11. Nf1 Re8 12. Ng3 Bf8 13. Ba6 Qc8 14. Bxb7 Qxb7 15. a4 e5 16. Qd1 e4 17. Nd2 d5 18. Ndf1 g6 19. Be3 Qc7 20. f3 Bd6 21. Bh6 Re6 22. Qd2 Rae8 23. Nf5 exf3 24. Nxd6 Qxd6 25. gxf3 Qe7 26. Kf2 Nh5 27. Ng3 Qh4 28. Kg2 f6 29. Rxe6 Rxe6 30. Re1 g5 31. Rxe6 Nf4+ 32. Qxf4 Qxf4 33. Re7 Qd2+ 34. Re2 Qd3 35. Re7 Qg6 36. Rg7+ Qxg7 37. Bxg7 Kxg7 38. Nf5+ Kf7 39. Nd6+ Ke6 40. Nb5 a5 41. Nc7+ Kd6 42. Ne8+ Ke7 43. Nc7 Kd6 44. Ne8+ Ke7 45. Nc7 1/2-1/2

[Event "Johor op 6th"]
[Site "Johor"]
[Date "2019.12.05"]
[Round "6"]
[White "Pitra, Andika"]
[Black "Sammed Jaykumar, Shete"]
[Result "1/2-1/2"]
[WhiteElo "2286"]
[BlackElo "2380"]
[PlyCount "86"]
[EventDate "2019.12.02"]
[EventType "swiss"]
[EventRounds "9"]
[EventCountry "MAS"]
[SourceTitle "CBM 193 Extra"]
[Source "ChessBase"]
[SourceDate "2020.01.31"]
[SourceVersion "1"]
[SourceVersionDate "2020.01.31"]
[SourceQuality "1"]

1. e4 c5 2. Nf3 Nc6 3. Bb5 g6 4. 0-0 Bg7 5. Re1 Nf6 6. e5 Nd5 7. Nc3 Nc7 8. Bxc6 bxc6 9. d4 cxd4 10. Qxd4 Ne6 11. Qh4 h5 12. Ne4 0-0 13. g4 d5 14. exd6 exd6 15. Qxd8 Rxd8 16. gxh5 gxh5 17. Ng3 h4 18. Nh5 Kh7 19. Nxg7 Rg8 20. h3 Rxg7+ 21. Kh2 Rb8 22. Re4 c5 23. Rxh4+ Kg8 24. Rg4 Bb7 25. Nh4 Nd4 26. Bf4 Rxg4 27. hxg4 Nxc2 28. Rd1 Nd4 29. Be3 Rc8 30. Bxd4 cxd4 31. Rxd4 Rc2 32. Rb4 Bd5 33. Kg3 Bxa2 34. Nf5 Rd2 35. Ra4 Be6 36. Ne7+ Kf8 37. Rxa7 Rxb2 38. f4 Ra2 39. Rc7 f6 40. Ng6+ Kg8 41. Ne7+ Kf8 42. Nc6 Bd5 43. f5 Bf7 1/2-1/2

[Event "Pattaya op 1st"]
[Site "Pattaya"]
[Date "2019.07.15"]
[Round "8"]
[White "Pitra, Andika"]
[Black "Laohawirapap, Prin"]
[Result "1-0"]
[WhiteElo "2305"]
[BlackElo "1801"]
[PlyCount "45"]
[EventDate "2019.07.09"]
[EventType "swiss"]
[EventRounds "9"]
[EventCountry "THA"]
[SourceTitle "EXT 2020"]
[Source "ChessBase"]
[SourceDate "2019.10.17"]
[SourceVersion "1"]
[SourceVersionDate "2019.10.17"]
[SourceQuality "1"]

1. e4 c6 2. Nc3 d5 3. Qf3 Nf6 4. e5 Nfd7 5. d4 e6 6. Nh3 h6 7. Be3 c5 8. 0-0-0 cxd4 9. Bxd4 Nc6 10. Bb5 a6 11. Bxc6 bxc6 12. Nf4 c5 13. Ncxd5 exd5 14. e6 Nf6 15. Bxf6 Qxf6 16. exf7+ Kd8 17. Rxd5+ Bd7 18. Rxd7+ Kxd7 19. Qb7+ Kd6 20. Rd1+ Ke5 21. Qd5+ Kxf4 22. g3+ Kg4 23. h3+ 1-0

[Event "Pattaya op 1st"]
[Site "Pattaya"]
[Date "2019.07.11"]
[Round "3"]
[White "Karthikeyan, Pandian"]
[Black "Pitra, Andika"]
[Result "1-0"]
[WhiteElo "2415"]
[BlackElo "2305"]
[PlyCount "134"]
[EventDate "2019.07.09"]
[EventType "swiss"]
[EventRounds "9"]
[EventCountry "THA"]
[SourceTitle "EXT 2020"]
[Source "ChessBase"]
[SourceDate "2019.10.17"]
[SourceVersion "1"]
[SourceVersionDate "2019.10.17"]
[SourceQuality "1"]

1. d4 Nf6 2. c4 c5 3. d5 b5 4. cxb5 a6 5. e3 g6 6. Nc3 d6 7. Nf3 Bg7 8. a4 axb5 9. Bxb5+ Nfd7 10. 0-0 0-0 11. Ra3 Na6 12. e4 Nb4 13. Re1 Ba6 14. Bxa6 Rxa6 15. Qe2 Ra8 16. Bf4 c4 17. Rb1 Nd3 18. Be3 f5 19. exf5 Rxf5 20. Nd4 Bxd4 21. Bxd4 N7e5 22. b3 Qf8 23. bxc4 Nf4 24. Qd1 Rg5 25. g3 Nfd3 26. Ne4 Nf3+ 27. Kg2 Nde1+ 28. Qxe1 Nxe1+ 29. Rxe1 Rf5 30. a5 Qc8 31. Nd2 Rf7 32. Bb6 Ra6 33. Rae3 Kf8 34. Re4 Qb7 35. Nf3 Rxb6 36. axb6 Qxb6 37. R1e2 h6 38. Nh4 Rf6 39. Rxe7 Rxf2+ 40. Rxf2+ Kxe7 41. Nxg6+ Kd8 42. Nf4 Qb3 43. Ne6+ Ke7 44. Rf4 Kd7 45. Kh3 Qd1 46. Kh4 Qc2 47. h3 Qe2 48. Nf8+ Kc7 49. Ng6 Kb6 50. Rg4 Qf1 51. Nf4 Qxc4 52. Rg6 Kc5 53. Rxh6 Qc3 54. Kg4 Qg7+ 55. Rg6 Qd7+ 56. Kf3 Qb7 57. h4 Qb1 58. h5 Kd4 59. Re6 Qh1+ 60. Kg4 Qd1+ 61. Kg5 Qf3 62. g4 Kc5 63. h6 Qh1 64. Re7 Kd4 65. h7 Qh2 66. Nh5 Qd2+ 67. Kg6 Kxd5 1-0

[Event "Ho Chi Minh City HD Bank op 9th"]
[Site "Ho Chi Minh City"]
[Date "2019.03.10"]
[Round "6"]
[White "Pitra, Andika"]
[Black "Manish, Anto Cristiano F"]
[Result "1-0"]
[WhiteElo "2283"]
[BlackElo "2080"]
[PlyCount "105"]
[EventDate "2019.03.07"]
[EventType "swiss"]
[EventRounds "9"]
[EventCountry "VIE"]
[SourceTitle "CBM 189 Extra"]
[Source "ChessBase"]
[SourceDate "2019.06.03"]
[SourceVersion "1"]
[SourceVersionDate "2019.06.03"]
[SourceQuality "1"]

1. e4 c5 2. Nf3 d6 3. Bb5+ Bd7 4. Bxd7+ Nxd7 5. 0-0 Ngf6 6. Qe2 e6 7. d4 cxd4 8. Nxd4 Be7 9. c4 a6 10. Nc3 Rc8 11. a4 0-0 12. b3 d5 13. exd5 exd5 14. Nxd5 Nxd5 15. cxd5 Nb6 16. Bb2 Nxd5 17. Nf5 Bf6 18. Rad1 Re8 19. Qf3 Bxb2 20. Rxd5 Qf6 21. Nd6 Qxf3 22. gxf3 Rcd8 23. Rfd1 Re5 24. R5d3 b5 25. Nxb5 Rxd3 26. Rxd3 g6 27. Nc7 a5 28. Rd5 Re1+ 29. Kg2 Bc3 30. Rd8+ Kg7 31. Rc8 Re2 32. Ne8+ Kf8 33. Nd6+ Ke7 34. Re8+ Kxd6 35. Rxe2 Kc5 36. Re4 Bd4 37. Re7 Kb4 38. Rb7+ Ka3 39. Rxf7 Kxb3 40. Rxh7 Bc3 41. h4 Kxa4 42. Rb7 Ka3 43. Kg3 a4 44. Kg4 Ka2 45. Kg5 a3 46. Kxg6 Bb2 47. f4 Kb1 48. Ra7 a2 49. f5 Bd4 50. Rxa2 Kxa2 51. f6 Bxf2 52. f7 Bc5 53. h5 1-0

[Event "Ho Chi Minh City HD Bank op 9th"]
[Site "Ho Chi Minh City"]
[Date "2019.03.08"]
[Round "2"]
[White "Pitra, Andika"]
[Black "Parnali, S Dharia"]
[Result "0-1"]
[WhiteElo "2283"]
[BlackElo "2123"]
[PlyCount "126"]
[EventDate "2019.03.07"]
[EventType "swiss"]
[EventRounds "9"]
[EventCountry "VIE"]
[SourceTitle "CBM 189 Extra"]
[Source "ChessBase"]
[SourceDate "2019.06.03"]
[SourceVersion "1"]
[SourceVersionDate "2019.06.03"]
[SourceQuality "1"]

1. e4 e5 2. Nf3 Nc6 3. Bb5 a6 4. Ba4 Nf6 5. 0-0 b5 6. Bb3 Bc5 7. a4 Bb7 8. d3 d6 9. Nc3 b4 10. Ne2 h6 11. Ng3 Ne7 12. c3 bxc3 13. bxc3 Ba7 14. Re1 0-0 15. d4 Ng6 16. Ba3 c5 17. d5 Bc8 18. Bc4 Bb6 19. Nd2 Nf4 20. Ngf1 Ng4 21. f3 Nf6 22. Kh1 N6h5 23. g3 Nh3 24. Qe2 Qg5 25. Ne3 Ba5 26. Rac1 Bd8 27. Qg2 Qg6 28. Nf5 Ng5 29. Bd3 Qf6 30. h4 Nh7 31. Nc4 Bc7 32. Rb1 Bxf5 33. exf5 Rfb8 34. Nd2 Qd8 35. Rxb8 Rxb8 36. Bxa6 Nf4 37. Qf2 Nxd5 38. Ne4 Nhf6 39. Bc4 Nxe4 40. fxe4 Nxc3 41. Qe3 Ba5 42. Rf1 Qf6 43. Kh2 Nxa4 44. Kh3 Bc3 45. g4 Bd4 46. Qg3 Qd8 47. g5 hxg5 48. hxg5 Nc3 49. Qg4 d5 50. exd5 Nxd5 51. f6 Ne3 52. Bxf7+ Kxf7 53. g6+ Kf8 54. fxg7+ Kxg7 55. Rf7+ Kg8 56. Qh5 Qc8+ 57. Kh2 Ng4+ 58. Kg2 Qc6+ 59. Kg3 Nf6 60. Qf5 Rb3+ 61. Kh2 Rxa3 62. Rxf6 Ra2+ 63. Kg3 Qg2+ 0-1

[Event "Ho Chi Minh City HD Bank op 9th"]
[Site "Ho Chi Minh City"]
[Date "2019.03.07"]
[Round "1"]
[White "Bogdanovich, Stanislav"]
[Black "Pitra, Andika"]
[Result "1-0"]
[WhiteElo "2536"]
[BlackElo "2283"]
[PlyCount "59"]
[EventDate "2019.03.07"]
[EventType "swiss"]
[EventRounds "9"]
[EventCountry "VIE"]
[SourceTitle "CBM 189 Extra"]
[Source "ChessBase"]
[SourceDate "2019.06.03"]
[SourceVersion "1"]
[SourceVersionDate "2019.06.03"]
[SourceQuality "1"]

1. g3 d5 2. Bg2 c6 3. f4 g6 4. Nf3 Bg7 5. Nc3 Nf6 6. d3 0-0 7. 0-0 d4 8. Ne4 Nxe4 9. dxe4 c5 10. e5 Nc6 11. e3 Be6 12. Qe2 h6 13. Rd1 Qb6 14. b3 Rfd8 15. Qf2 Rd7 16. exd4 cxd4 17. Bb2 Rad8 18. Rd2 f6 19. exf6 Bxf6 20. Re1 Bf7 21. Bh3 Rd5 22. Bf1 e5 23. Bc4 exf4 24. Bxd5 Bxd5 25. Nxd4 Ne5 26. c4 Bf7 27. Qxf4 Bg5 28. Qxe5 Bxd2 29. c5 Re8 30. Ne6 1-0

[Event "Penang op 10th"]
[Site "Penang"]
[Date "2018.12.05"]
[Round "4"]
[White "Pitra, Andika"]
[Black "Novita, Anjas"]
[Result "0-1"]
[WhiteElo "2295"]
[BlackElo "2379"]
[PlyCount "68"]
[EventDate "2018.12.03"]
[EventType "swiss"]
[EventRounds "9"]
[EventCountry "MAS"]
[SourceTitle "CBM 187 Extra"]
[Source "ChessBase"]
[SourceDate "2018.11.04"]
[SourceVersion "1"]
[SourceVersionDate "2018.11.04"]
[SourceQuality "1"]

1. d4 Nf6 2. Nf3 e6 3. Bg5 Be7 4. e3 b6 5. c4 Bb7 6. Nc3 Ne4 7. Bxe7 Qxe7 8. Rc1 0-0 9. Bd3 Nxc3 10. Rxc3 c5 11. dxc5 bxc5 12. 0-0 d6 13. Be2 Nc6 14. Qa4 f5 15. Rd1 e5 16. Rc2 e4 17. Rcd2 exf3 18. Bxf3 Ne5 19. Bxb7 Qxb7 20. Rxd6 Qxb2 21. h3 Qb4 22. Qxb4 cxb4 23. c5 Rac8 24. R1d5 Nc6 25. g4 fxg4 26. hxg4 a5 27. f4 a4 28. Kf2 Rf7 29. Ke2 Rb7 30. Rd7 Rxd7 31. Rxd7 b3 32. axb3 a3 33. Rd1 a2 34. Ra1 Nb4 0-1

[Event "Olympiad-43"]
[Site "Batumi"]
[Date "2018.09.28"]
[Round "5.15"]
[White "Salomon, Johan"]
[Black "Pitra, Andika"]
[Result "1-0"]
[WhiteElo "2477"]
[BlackElo "2274"]
[PlyCount "157"]
[EventDate "2018.09.24"]
[EventType "team-swiss"]
[EventRounds "11"]
[EventCountry "GEO"]
[SourceTitle "CBM 187"]
[Source "ChessBase"]
[SourceDate "2018.12.11"]
[SourceVersion "1"]
[SourceVersionDate "2018.12.11"]
[SourceQuality "1"]
[WhiteTeam "Norway"]
[BlackTeam "Indonesia"]
[WhiteTeamCountry "NOR"]
[BlackTeamCountry "INA"]

1. e4 c5 2. Nf3 d6 3. Nc3 Nc6 4. g3 Nf6 5. Bg2 Bg4 6. h3 Bxf3 7. Qxf3 g6 8. 0-0 Bg7 9. Qd1 0-0 10. d3 Rb8 11. Ne2 Nd7 12. c3 b5 13. d4 Qc7 14. Be3 b4 15. Nf4 bxc3 16. bxc3 e6 17. d5 exd5 18. Nxd5 Qa5 19. Qc2 Nb6 20. Bg5 f6 21. Nxb6 Rxb6 22. Bf4 Ne5 23. Rfb1 Rfb8 24. Rxb6 Qxb6 25. Rd1 Bf8 26. Qd2 Qc6 27. h4 c4 28. Bxe5 dxe5 29. h5 gxh5 30. Qe2 Be7 31. Qxh5 Rd8 32. Rd5 Qe8 33. Qg4+ Qg6 34. Rxd8+ Bxd8 35. Qc8 Qe8 36. Bf1 Kf8 37. Bxc4 Bb6 38. Qb7 Qe7 39. Qd5 Kg7 40. a4 Bc5 41. Kg2 Kh6 42. Qd1 Bb6 43. Qf3 Qd8 44. Qf5 Kg7 45. Qg4+ Kh8 46. Qe6 Ba5 47. Qf7 Bb6 48. Be6 Bc5 49. Bd5 Qf8 50. Qe6 Bb6 51. Qd7 Bc5 52. a5 Qe7 53. Qc8+ Qf8 54. Qe6 Kg7 55. Kf3 Kh8 56. Kg2 Kg7 57. Bc4 Kh8 58. Bb3 Kg7 59. Kf1 Kh8 60. Ke2 Kg7 61. Bd5 Kh8 62. f3 Kg7 63. Kd3 Kh8 64. Qd7 Bf2 65. g4 Qb8 66. Bb7 Qf8 67. Bd5 Qb8 68. Kc4 Qf8 69. Qc7 Qa3 70. Kb5 Qf8 71. Ka6 Be3 72. c4 Bd4 73. Be6 Qb4 74. Bf5 Kg8 75. Be6+ Kh8 76. g5 fxg5 77. Qd8+ Kg7 78. Qxg5+ Kf8 79. Qf6+ 1-0

[Event "Olympiad-43"]
[Site "Batumi"]
[Date "2018.09.25"]
[Round "2.4"]
[White "Dragun, Kamil"]
[Black "Pitra, Andika"]
[Result "1-0"]
[WhiteElo "2568"]
[BlackElo "2274"]
[PlyCount "67"]
[EventDate "2018.09.24"]
[EventType "team-swiss"]
[EventRounds "11"]
[EventCountry "GEO"]
[SourceTitle "CBM 187"]
[Source "ChessBase"]
[SourceDate "2018.12.11"]
[SourceVersion "1"]
[SourceVersionDate "2018.12.11"]
[SourceQuality "1"]
[WhiteTeam "Poland"]
[BlackTeam "Indonesia"]
[WhiteTeamCountry "POL"]
[BlackTeamCountry "INA"]

1. e4 c5 2. Nf3 e6 3. d4 cxd4 4. Nxd4 a6 5. c4 Nf6 6. Nc3 d6 7. Be2 Nbd7 8. 0-0 b6 9. Be3 Bb7 10. f3 Be7 11. Qd2 0-0 12. Rfc1 Qb8 13. a4 Bd8 14. Bf2 Bc7 15. g3 Re8 16. b4 Ne5 17. Rab1 Qd8 18. Qd1 h5 19. c5 Rb8 20. c6 Nxc6 21. Nxc6 Bxc6 22. Bxa6 Ba8 23. Nb5 Re7 24. Rc3 Bb7 25. Nxc7 Rxc7 26. Bxb6 Rxc3 27. Bxd8 Bxa6 28. Bxf6 gxf6 29. Qxd6 Ra8 30. b5 Bc8 31. a5 Rxf3 32. Qc6 Rxa5 33. Qxc8+ Kg7 34. Qc2 1-0

[Event "Penang Mini op1st"]
[Site "Penang"]
[Date "2018.06.17"]
[Round "8"]
[White "Pitra, Andika"]
[Black "Villanueva, Nelson"]
[Result "1/2-1/2"]
[WhiteElo "2314"]
[BlackElo "2069"]
[PlyCount "216"]
[EventDate "2018.06.13"]
[EventType "swiss"]
[EventRounds "9"]
[EventCountry "MAS"]
[SourceTitle "CBM 184 Extra"]
[Source "ChessBase"]
[SourceDate "2018.06.28"]
[SourceVersion "1"]
[SourceVersionDate "2018.06.28"]
[SourceQuality "1"]

1. e4 c6 2. d4 d5 3. e5 c5 4. dxc5 e6 5. a3 Bxc5 6. Qg4 Bf8 7. Nf3 Nd7 8. Bd3 Ne7 9. 0-0 h5 10. Qg3 Nc5 11. Nc3 Nxd3 12. cxd3 Nf5 13. Qf4 Be7 14. Ne2 Bd7 15. Ng3 g6 16. Nxf5 gxf5 17. Qg3 Kf8 18. h4 Bb5 19. Bg5 Bxg5 20. Nxg5 Rc8 21. Rfc1 Bc6 22. d4 Rh6 23. Qf4 Rh8 24. Qg3 Qb6 25. Qc3 Kg7 26. Qd2 Rcg8 27. Rc3 Kf8 28. Rac1 Rg6 29. b4 a6 30. g3 Kg7 31. Rc5 Rf8 32. Kh2 Re8 33. Qd1 Rh8 34. R1c3 Qd8 35. Qd2 Qb6 36. Qd1 Qd8 37. Qc1 Qb6 38. Qe3 Kf8 39. Rc1 Kg7 40. Qd2 Rf8 41. Qd1 Rh8 42. Kg1 Qd8 43. f4 Qb6 44. Kh2 Rgh6 45. Qd2 Rf8 46. Qc3 Kg6 47. Qb3 Rhh8 48. a4 Ra8 49. R1c3 Rhc8 50. Nf3 Bd7 51. Ne1 Qd8 52. a5 Bb5 53. Qc2 Rxc5 54. Rxc5 b6 55. axb6 Qxb6 56. Nf3 Bc4 57. Qc3 Rb8 58. Ng5 Qb7 59. Qa3 Qa7 60. Qa5 Rf8 61. Kg2 Qb7 62. Rc7 Qb5 63. Qxb5 axb5 64. Ra7 Bd3 65. Kf2 Bc4 66. Ke3 Bf1 67. Kd2 Bc4 68. Kc3 Be2 69. Kb2 Bc4 70. Nf3 Be2 71. Nd2 Bd3 72. Nb3 Be2 73. Rc7 Ra8 74. Na5 Bd3 75. Nc6 Bc4 76. Na5 Be2 77. Nc6 Bc4 78. Na7 Kg7 79. Rb7 Kf8 80. Nxb5 Ra2+ 81. Kb1 Rg2 82. Nd6 Rxg3 83. Rxf7+ Kg8 84. Re7 Rd3 85. Rxe6 Rxd4 86. Re8+ Kh7 87. Kc2 Rxf4 88. b5 Bxb5 89. Nxb5 Rxh4 90. Nd6 f4 91. e6 Rh2+ 92. Kd3 f3 93. Ke3 d4+ 94. Kxf3 d3 95. Ne4 Kg7 96. Ke3 d2 97. Nxd2 Kf6 98. Ne4+ Ke5 99. Ng5 Ra2 100. Rh8 Ra3+ 101. Kf2 Kf6 102. Rxh5 Ra7 103. Kg3 Kg6 104. Rh7 Ra1 105. e7 Re1 106. Kf2 Re5 107. Nf3 Re4 108. Nd2 Re6 1/2-1/2